000 00645cam a2200229 4500500
005 20260405003641.0
041 _afre
042 _adc
100 1 0 _aNicolas, Ariane
_eauthor
245 0 0 _aIVG dans la Constitution : droit ou liberté ?
260 _c2023.
500 _a20
690 _aAvortement
690 _aConstitution
690 _aCorps
690 _aDroit
690 _aFemmes
690 _aIVG
690 _aLiberté
786 0 _nPhilosophie magazine | 167 | 2 | 2023-03-01 | p. 12-12 | 1951-1787
856 4 1 _uhttps://shs.cairn.info/magazine-philosophie-magazine-2023-2-page-12?lang=fr&redirect-ssocas=7080
999 _c2069624
_d2069624